LIBRARY & INFORMATION CENTRE, KCAET, TAVANUR

ONLINE PUBLIC ACCESS CATALOGUE (OPAC)

Processing and storage of food grains by rural families / (Record no. 6937)

MARC details
000 -LEADER
fixed length control field 00443cam a2200157ua 4500
003 - CONTROL NUMBER IDENTIFIER
control field OSt
008 - FIXED-LENGTH DATA ELEMENTS--GENERAL INFORMATION
fixed length control field 240321b |||||||| |||| 00| 0 eng d
041 ## - LANGUAGE CODE
Language code of text/sound track or separate title eng
082 ## - DEWEY DECIMAL CLASSIFICATION NUMBER
Classification number 664.02
Item number OKE/PR
100 ## - MAIN ENTRY--AUTHOR NAME
Personal name O`Kelly, Elizabeth .
245 ## - TITLE STATEMENT
Title Processing and storage of food grains by rural families /
260 ## - PUBLICATION, DISTRIBUTION, ETC. (IMPRINT)
Place of publication UN (Rome) :
Name of publisher Food&agriculture organisation ,
Year of publication 1983.
300 ## - PHYSICAL DESCRIPTION
Number of Pages 129 ; .
700 1# - ADDED ENTRY--PERSONAL NAME
Personal name Forster, R. H.
942 ## - ADDED ENTRY ELEMENTS (KOHA)
Koha item type Books
Holdings
Withdrawn status Lost status Damaged status Home library Current library Date acquired Full call number Accession Number Koha item type
      KAUAET KAUAET 07/04/2012 664.02 OKE/PR 18659 Books
free website counter